Costa Rica: naturaleza y aventura / Ramón A. Mena Moya
Salvato in:
| Autore principale: | |
|---|---|
| Natura: | Libro |
| Lingua: | Undetermined |
| Pubblicazione: |
San José, Costa Rica
Librería Francesa
2000
|
| Edizione: | 3 |
| Soggetti: | |
| Tags: |
Aggiungi Tag
Nessun Tag, puoi essere il primo ad aggiungerne!!
|
MARC
| LEADER | 00000nam a2200000Ia 4500 | ||
|---|---|---|---|
| 008 | 170316s9999 xx 000 0 und d | ||
| 040 | |a cru BVZT | ||
| 090 | |a CG-001 M-1c | ||
| 100 | |a Mena Moya, Ramón A. | ||
| 245 | |a Costa Rica: naturaleza y aventura / Ramón A. Mena Moya | ||
| 250 | |a 3 | ||
| 260 | |a San José, Costa Rica | ||
| 260 | |b Librería Francesa | ||
| 260 | |c 2000 | ||
| 300 | |a 116 páginas | ||
| 650 | |a CULTURA GENERAL | ||
| 650 | |a COSTA RICA | ||
| 650 | |a BIODIVERSIDAD | ||
| 650 | |a ECONOMÍA | ||
| 650 | |a HISTORIA | ||
| 650 | |a LOCALIZACIÓN GEOGRÁFICA | ||
| 650 | |a INSTITUCIONES GUBERNAMENTALES | ||
| 650 | |a MONUMENTOS | ||
| 650 | |a SAN JOSÉ | ||
| 650 | |a ALAJUELA | ||
| 650 | |a HEREDIA | ||
| 650 | |a CARTAGO | ||
| 650 | |a LIMÓN | ||
| 650 | |a GUANACASTE | ||
| 650 | |a PUNTARENAS | ||
| 650 | |a ISLA DEL COCO | ||
| 650 | |a AEROPUERTO JUAN SANTAMARÍA | ||
| 650 | |a IDIOMA-ESPAÑOL-FRANCÉS-ALEMÁN-ITALIANO | ||
| 999 | |c 15216 |d 15216 | ||
| 942 | |c 15 D |h CG-001 M-1c |2 z | ||
